| 000 | 00833nam a2200277 a 4500 | ||
|---|---|---|---|
| 003 | AR-BaBNM | ||
| 005 | 20251128203444.0 | ||
| 008 | 082120s2002 ||||||||||||||000 | spa|| | ||
| 040 | _cAR-BaBNM | ||
| 100 | 1 | _aComas, Juan | |
| 245 | 0 | 0 | _aLa práctica de las pruebas mentales y de instrucción |
| 250 | _a1ª ed. | ||
| 260 |
_aBuenos Aires _bLosada _c1948 |
||
| 300 |
_a194 p. _btablas,gráfs.,il. |
||
| 490 | 0 |
_aLa escuela activa _vv. 19 |
|
| 500 | _aEste ejemplar contine las pruebas mentales y de instrucción fundamentales | ||
| 650 | 4 | _aPSICOLOGIA EXPERIMENTAL | |
| 650 | 4 | _aPSICOLOGIA DE LA EDUCACION | |
| 650 | 4 | _aPRUEBAS MENTALES | |
| 650 | 4 | _aPRUEBAS PSICOLOGICAS | |
| 650 | 4 | _aPRUEBAS DE INTELIGENCIA | |
| 700 | 1 | _aLago, Regina | |
| 800 | 1 |
_aLuzuriaga, Lorenzo _edirector |
|
| 942 | _cBK | ||
| 998 | _cenrique | ||
| 999 |
_c3461 _d3461 |
||